000 00406nam a22001577a 4500
005 20240118122458.0
008 240118b |||||||| |||| 00| 0 eng d
020 _a81-9026-66-0-8
041 _aeng
100 _aUNKALKAR, V.G.
_98399
245 _aMAGICAL WORLD OF MATHEMATICS:VEDIC MATHEMATICS
260 _aBANGALORE
_bVANDANA PUBLISHERS
300 _a298;P
650 _aLIFE SKILL
_98393
942 _cBK
999 _c8483
_d8481